000 00223nam a2200097Ia 4500
008 240331s9999 xx 000 0 und d
082 _bPEL
100 _aPelling, H
245 2 _aA history of British trade unionism
942 _cL
999 _c2742
_d2742